| 000 | 00388nam a2200169Ia 4500 | ||
|---|---|---|---|
| 008 | 210210b1933 xxu||||| |||| 00| 0 eng d | ||
| 041 | _aeng | ||
| 082 | _a821/360 | ||
| 100 | _aLESLIE (S) | ||
| 245 | _aPoems and ballads | ||
| 260 |
_aLondon _bErnest Benn Limited _c1933 |
||
| 650 | _aPoems | ||
| 650 | _aballads | ||
| 650 | _aand | ||
| 690 | _aEnglish Literature | ||
| 906 | _a011529 | ||
| 999 |
_c130206 _d130206 |
||